Movies Quiz

Random Movies or Letter Quiz
Score 0/7 Timer 01:30
0 Plays Today
Letter Words in Film Titles % Correct
AArizona, apprentice, angry, astro, ant, adaptation, angels, air, Amos, Andrew, at, army
93.1%
Iin, it, Indianapolis
91.8%
Ooutcast, of, Orleans, out, off, on, one
91.1%
Llight, left, lieutenant, leaving, las, lord
88.8%
Nnational, New, next, never
88%
Ccroods, call, center, christmas, carol, captain, corelli's, city, con, could, cotton, club, courage
85.5%
Sstolen, spirit, seeking, season, sorcerer's, secrets, sonny, sixty, seconds, snake, Sue, Snowden
66.8%
Remove Ads.
Support Sporcle.
Get the best of Sporcle when you Go Orange. This ad-free experience offers more features, more stats, and more fun while also helping to support Sporcle. Thank you for becoming a member.

You're not logged in!

Compare scores with friends on all Sporcle quizzes.
OR
Log In

Show Comments

Extras

Top Quizzes Today


Score Distribution

Your Account Isn't Verified!

In order to create a playlist on Sporcle, you need to verify the email address you used during registration. Go to your Sporcle Settings to finish the process.

Report this User

Report this user for behavior that violates our Community Guidelines.

Details: